| 000 | 01524nam0a2200337 4500 | ||
|---|---|---|---|
| 001 | RU\NLR\BIBL_A\022637259 | ||
| 005 | 20251218115429.0 | ||
| 010 |
_a978-5-6054008-3-7 _930 000 |
||
| 021 |
_aRU _bКН-П-25-049935 _9КН-П-25-4827 |
||
| 035 | _a(NLR Aleph) 022637259 | ||
| 090 |
_a13506651 _c13506651 |
||
| 100 | _a20251006d2025 u y0rusy50 ca | ||
| 101 | 0 | _arus | |
| 102 | _aRU | ||
| 105 | _aa w 000yy | ||
| 181 | 0 |
_ai _baxxe |
|
| 182 | 0 | _an | |
| 200 | 1 |
_aКанон о усопшем едином с чином литии, совершаемой мирянином дома и на кладбище _f[редактор Е. А. Зубова] |
|
| 203 |
_aТекст _bвизуальный _cнепосредственный |
||
| 210 |
_aМосква _cРассвет _d2025 |
||
| 215 |
_a30, [1] с. _cил. _d17 |
||
| 300 | _aЗагл. обл.: Канон о усопшем едином : чин литии, совершаемой мирянином дома и на кладбище | ||
| 512 | 1 |
_aКанон о усопшем едином _eчин литии, совершаемой мирянином дома и на кладбище |
|
| 608 |
_aКаноны _2nlr_sh1 _2nlr_sh2 _3RU\NLR\AUTH\66516630 |
||
| 686 | 2 | _aЭ372.24-507.14 | |
| 702 | 1 |
_aЗубова _bЕ. А. _cавтор духовных книг _3RU\NLR\AUTH\770171431 _4340 |
|
| 942 | _cBOOK | ||
| 980 | _aNB | ||